000
00295nam a2200133Ia 4500
100
_a
kuzin/ M./ Egorov/ N.
942
_c
BK
654
_a
Field Manuals
245
_a
Field Manuals Of Minerals
260
_b
Mir Publishers
_a
Moscow
_c
1979
082
_a
549
300
_a
194
546
_a
ENGLISH
999
_c
31073
_d
31073